La imagen de la mujer y del hombre en los libros de texto escolares peruanos

Uloženo v:
Podrobná bibliografie
Hlavní autoři: Anderson, Jeanine (Autor), Herencia, Cristina (Autor), Seminario, Manuel (Autor)
Médium: Kniha
Jazyk:španělština
Vydáno: Lima UNESCO 1983
Témata:
Tagy: Přidat tag
Žádné tagy, Buďte první, kdo vytvoří štítek k tomuto záznamu!

MARC

LEADER 00000nam a2200000 a 4500
001 UCZ6814
003 CL-VaPUC
008 951215e19830800PE |||||||||||||||||spa|d
082 0 4 |a 371.32  |b AND  |2 21 
100 0 |a Anderson, Jeanine  |e author  |9 351349 
700 0 |a Herencia, Cristina  |e author  |9 351350 
700 0 |a Seminario, Manuel  |e author  |9 351351 
245 1 3 |a La imagen de la mujer y del hombre en los libros de texto escolares peruanos 
300 |a 179 p 
942 |c BK 
945 |d 19951215 00:00:00  |a cmena 
260 |a Lima  |b UNESCO  |c 1983 
650 0 |a Libros de texto  |9 270019 
650 0 |a Mujeres  |9 257649 
650 7 |a HOMBRE  |2 CL-VaPUC  |9 262149 
650 0 |a Libertad de enseñanza   |9 311567 
650 0 |a Derechos y priviliegios  |9 338404 
650 0 |a Igualdad de oportunidades  |9 331873 
650 0 |a Investigación educacional   |9 261192 
650 0 |a Planificación de la educación   |9 307333 
651 0 |a Perú  |9 256567 
583 |a last modification  |c 20130413 07:57:06  |k Rodrigo Vera 
999 |c 242976  |d 242974 
952 |0 0  |1 0  |4 0  |6 371_320000000000000_AND_1983  |7 0  |8 P  |9 256319  |a BIBEDU  |b BIBEDU  |c BIBEDU_PB  |d 2019-11-19  |i 1609564  |o 371.32 AND 1983  |p 1609564  |r 2024-01-25  |w 2019-11-19  |y BK  |k EDU 
952 |0 0  |1 0  |4 0  |6 371_320000000000000_AND_1983  |7 0  |8 P  |9 256320  |a BIBEDU  |b BIBEDU  |c BIBEDU_PB  |d 2019-11-19  |i 3488179  |o 371.32 AND 1983  |p 3488179  |r 2024-01-25  |w 2019-11-19  |y BK  |k EDU